Nezamestnanosť je celosvetový problém
Definícia nezamestnanosti. Vo svete rastie súhlas so stabilizujúcimi zásahmi štátu do trhu práce. Nástroje politiky trhu práce. Rôzne metodiky výpočtu miery nezamestnanosti. Negatívne zmeny v štruktúre nezamestnaných. Problém dlhodobej nezamestnanosti. Nezamestnanosť v štátoch CEFTA a vo vyspelých k...
Guardado en:
| Autor principal: | |
|---|---|
| Formato: | Capítulo de libro |
| Lenguaje: | eslovaco |
| Materias: | |
| Etiquetas: |
Sin Etiquetas, Sea el primero en etiquetar este registro!
|
MARC
| LEADER | 00000naa a2200000 4500 | ||
|---|---|---|---|
| 001 | r018892 | ||
| 005 | 20230921074452.2 | ||
| 041 | 0 | |a slo | |
| 044 | |a SK | ||
| 245 | 1 | 0 | |a Nezamestnanosť je celosvetový problém |c Eva Rievajová |
| 520 | |a Definícia nezamestnanosti. Vo svete rastie súhlas so stabilizujúcimi zásahmi štátu do trhu práce. Nástroje politiky trhu práce. Rôzne metodiky výpočtu miery nezamestnanosti. Negatívne zmeny v štruktúre nezamestnaných. Problém dlhodobej nezamestnanosti. Nezamestnanosť v štátoch CEFTA a vo vyspelých krajinách. | ||
| 610 | 2 | 0 | |a svet |
| 610 | 2 | 0 | |a nezamestnanosť |
| 610 | 2 | 0 | |a údaje štatistické |
| 610 | 2 | 0 | |a CEFTA |
| 610 | 2 | 0 | |a OECD |
| 610 | 2 | 0 | |a miera nezamestnanosti |
| 610 | 2 | 0 | |a štát |
| 610 | 2 | 0 | |a trh práce |
| 610 | 2 | 0 | |a politika zamestnanosti |
| 610 | 2 | 0 | |a krajiny rozvojové |
| 610 | 2 | 0 | |a 1993 |
| 610 | 2 | 0 | |a 1994 |
| 610 | 2 | 0 | |a 1995 |
| 100 | 1 | |a Rievajová, Eva | |